| 000 | 00692nam a22002417a 4500 | ||
|---|---|---|---|
| 001 | 8590 | ||
| 003 | FISKH | ||
| 005 | 20251002103801.0 | ||
| 008 | 251002b cb ||||| |||| 00| 0 eng d | ||
| 040 |
_aFISKH _beng _cFISKH _dFISKH |
||
| 082 | _a599.756 | ||
| 100 | _aAnonymous | ||
| 245 |
_aImagine me as a tiger : _bIncludes 1 tiger mask / |
||
| 260 |
_aEdmonton : _bCreative, _c2005. |
||
| 300 |
_a10 unnumbered pages : _bcolor illustrations ; _c16 cm |
||
| 505 | _aG | ||
| 520 | _aImagine being a tiger! Includes a tiger mask. | ||
| 521 | 8 |
_a300
_bLexile estimate |
|
| 521 | 8 |
_aG
_bRaz-Plus |
|
| 650 |
_aTiger _vBoard-books _xAnimal |
||
| 942 |
_2ddc _cBK _n0 |
||
| 999 |
_c8590 _d8590 |
||